000 01358nam a2200217Ia 4500
999 _c29747
_d29747
003 OSt
005 20210623160134.0
008 160316s2012 xxu||||| |||| 00| 0 eng d
040 _cNLS
082 _a346.04 RAM
100 _aRamamurti Mantha
245 _aLaw of adverse possession
250 _a6th
260 _aDelhi
_bDelhi Law House
_c2012
300 _a870p
_cli
365 _b Rs. 1,150
505 _aTable of Contents: Earlier Concept of Owenership and Possession Possession / Adverse Proof and Burden of Proof Constructive Possession and Symbolical Possession Permissive Possession Dispossion and Discontinuance of Possession Tacking / No Adverse Possession Co-owners, Co-shares, Co-heirs and Co-tentants Minor and Lunatic Motgagor and Mortagagee Landlord and Tenant Licence Lessor and Lesee Donor and Donee, Mines and Minerals Trusts, Religious Endowments and Service Inams Service Tenure, Service Inams, Watan Lands, Saranjan Lands, Ghatwali Tenure, Jagir Punti Lands & Heriditory office Easements Fishery Rights Submerged Land Vacant Sites and Waste Lands Widow's Estate Acts of user whether Adverse Pleading Suit based on Possessory Title Suit by person dispossessed of immovable property Proceeding under Sec. 145, Cr. P. C
650 _a1. Possession Law2. Property Law
700 _a
_a
942 _2ddc
_cBK